Statistics for Most Common Asian Surnames in the USA

Click here to take the quiz!

General Stats

  • This quiz has been taken 227 times
  • The average score is 11 of 30

Answer Stats

Total OccurencesSurname% Correct
73,697Le
78%
55,729Li
75%
59,811Chan
74%
229,197Lee
70%
63,833Wang
66%
297,503Nguyen
65%
183,432Kim
61%
62,871Chang
54%
100,742Chen
51%
87,962Wong
49%
54,293Park
47%
43,955Wu
47%
132,457Patel
41%
46,956Lin
33%
54,075Singh
33%
69,017Yang
32%
37,616Ho
31%
130,120Tran
31%
45,501Liu
30%
32,591Zhang
29%
43,298Huang
24%
32,933Khan
23%
34,913Yu
23%
33,151Chung
17%
35,102Choi
15%
57,467Pham
10%
38,824Lam
9%
33,217Shah
6%
30,037Vang
3%
38,479Huynh
2%

Score Distribution

Percentile by Number Answered

Percent of People with Each Score

Your Score History

You have not taken this quiz